[Event "29th Czech Open-Rapid 2018"]
[Site "Pardubice"]
[Date "2018.07.19"]
[Round "6"]
[White "Belyakov, Bogdan"]
[Black "Vorobiov, Evgeny E"]
[Result "1-0"]
[WhiteElo "2485"]
[BlackElo "2563"]
[Annotator "RC"]
[PlyCount "79"]
[EventDate "2018.07.18"]
[EventType "swiss"]
[EventCountry "CZE"]
[SourceTitle "playchess.com"]
[Source "ChessBase"]
[SourceQuality "1"]
[TimeControl "900+10"]

1. e4 {[%emt 0:00:00]} c5 {[%emt 0:00:00]} 2. c3 {[%emt 0:00:00]} Nf6 {[%emt 0:00:00]} 3. e5 {[%emt 0:00:00]} Nd5 {[%emt 0:00:00]} 4. Nf3 {[%emt 0:00:00]} Nc6 {[%emt 0:00:00]} 5. Bc4 {[%emt 0:00:04]} Nb6 {[%emt 0:00:00]} 6. Bb3 {[%emt 0:00:02]} c4 {[%emt 0:00:02]} 7. Bc2 {[%emt 0:00:03]} d5 {[%emt 0:00:01]} 8. exd6 {[%emt 0:00:17]} Qxd6 {[%emt 0:00:02]} 9. O-O {[%emt 0:00:07]} g6 {[%emt 0:00:02]} 10. Na3 {[%emt 0:00:17]} Bg7 {[%emt 0:00:06]} 11. b3 {[%emt 0:00:20]} cxb3 {[%emt 0:00:07]} 12. axb3 {[%emt 0:00:02]} O-O {[%emt 0:00:02]} 13. Re1 {[%emt 0:00:17]} Bg4 {[%emt 0:00:44]} 14. h3 {[%emt 0:00:06]} Bxf3 {[%emt 0:00:03]} 15. Qxf3 {[%emt 0:00:02]} Rfd8 {[%emt 0:00:50]} 16. Nc4 {[%emt 0:01:08]} Nxc4 {[%emt 0:02:09]} 17. bxc4 {[%emt 0:00:02]} Rac8 {[%emt 0:00:42]} 18. d4 {[%emt 0:00:42]} b6 {[%emt 0:00:25]} 19. Be4 {[%emt 0:01:19]} Na5 {[%emt 0:00:27]} 20. c5 {[%emt 0:00:08]} Qd7 {[%emt 0:01:31]} 21. Bg5 {[%emt 0:00:48]} h6 22. Bh4 {[%emt 0:00:02]} Nb3 {[%emt 0:00:50]} 23. Rad1 {[%emt 0:00:30]} bxc5 {[%emt 0:00:19]} 24. Bc2 {[%emt 0:02:40]} g5 {[%emt 0:01:33]} 25. Bxb3 {[%emt 0:00:10]} c4 {[%emt 0:00:10]} 26. Bc2 {[%emt 0:00:02]} gxh4 {[%emt 0:00:05]} 27. Qe4 {[%emt 0:00:25]} e6 {[%emt 0:00:55]} 28. Qxh4 {[%emt 0:01:12]} Kf8 {[%emt 0:00:32]} 29. Re3 {[%emt 0:00:24]} Qe7 {[%emt 0:00:14]} 30. Qg4 {[%emt 0:00:37]} Rd5 {[%emt 0:00:13]} 31. Rf3 {[%emt 0:00:04]} Rg5 {[%emt 0:01:23]} 32. Qe4 {[%emt 0:00:34]} h5 {[%emt 0:03:55]} 33. Rb1 {[%emt 0:00:23]} f5 {[%emt 0:01:48]} 34. Rb7 {[%emt 0:00:30]} Qd6 {[%emt 0:00:21]} 35. Rxa7 {[%emt 0:01:42]} Rb8 {[%emt 0:00:01]} 36. Ra8 {[%emt 0:02:11]} Ke7 {[%emt 0:00:14]} 37. Ra7+ {[%emt 0:00:23]} Kf8 {[%emt 0:00:05]} 38. Qe2 {[%emt 0:00:12]} Bf6 {[%emt 0:00:28]} 39. Qxc4 {[%emt 0:00:21]} Rb2 {[%emt 0:00:22]} 40. Qc8+ {[%emt 0:00:16]} 1-0

[Event "29th Czech Open-Rapid 2018"]
[Site "Pardubice"]
[Date "2018.07.19"]
[Round "6"]
[White "Mirzoev, Emil"]
[Black "Schlosser, Philipp"]
[Result "0-1"]
[WhiteElo "2480"]
[BlackElo "2526"]
[Annotator "TA"]
[PlyCount "60"]
[EventDate "2018.07.18"]
[EventType "swiss"]
[EventCountry "CZE"]
[SourceTitle "playchess.com"]
[Source "ChessBase"]
[SourceQuality "1"]

{[%evp 12,60,-29,-23,-15,-35,0,-2,-7,-5,0,-51,-22,-35,-22,-83,-87,-98,-97,-155,29,0,0,0,74,65,68,65,78,0,0,-35,-7,-114,-113,-352,-343,-353,-354,-350,-332,-336,-316,-360,-360,-400,-391,-389,-408,-761,-768]} 1. d4 Nf6 2. c4 e6 3. Nc3 Bb4 4. a3 Bxc3+ 5. bxc3 b6 6. f3 Nc6 {E24: Nimzo-Indian: Sämisch: Unusual Black 5th moves and 5...c5 sidelines} 7. e4 {LiveBook: 79 Games} Na5 (7... Ba6 8. Bg5 h6 9. Bh4 g5 10. Bf2 Nh5 11. h4 Qf6 {½-½ (11) Flom,G (2493)-Roiz,M (2614) Israel 2018}) 8. Bg5 {[%cal Bc1g5,Bg5h4,Bh4f2][%mdl 32]} h6 {Black is slightly better.} 9. Bh4 $1 d6 10. Bd3 Ba6 11. Ne2 $146 (11. f4 $11) ({Predecessor:} 11. f4 Qd7 12. e5 dxe5 13. fxe5 Ng8 14. Qf3 {1-0 (31) Turati,P (2448)-Meissner,R (2339) ICCF email 2008}) 11... g5 12. Bf2 Qd7 13. e5 (13. h4 $11 O-O-O 14. c5 Bxd3 15. Qxd3) 13... dxe5 $17 14. dxe5 Nh5 15. g4 {[#]} ({White should try} 15. Be4 O-O-O 16. Qxd7+ Rxd7 17. h4) 15... Bb7 $2 (15... O-O-O $1 $17 16. Be4 Nf4 17. Qxd7+ Rxd7 18. Nxf4 gxf4) 16. gxh5 $11 {And now Nd4 would win.} Bxf3 17. Rf1 Bxh5 (17... O-O-O $1 $11 18. Bd4 Bb7) 18. Be4 O-O-O {aiming for ...Qxd1+.} 19. Qxd7+ Rxd7 {[#]} 20. Ng3 (20. c5 $1 $16) 20... Bg4 $1 21. Bc2 Nxc4 {Threatens to win with ...Bh3.} 22. Ne4 (22. Bd4 $11 {keeps the balance.}) 22... Bf5 $17 23. Rd1 $2 (23. Rg1 $17) 23... Nxa3 $19 24. Bd3 {[#]} Rxd3 $1 {[%mdl 512]} 25. Rxd3 Bxe4 26. Rd2 Nb1 27. Rd4 Bg6 ({Less strong is} 27... Nxc3 28. Rc4 $19) 28. c4 Na3 29. Ke2 c5 30. Rdd1 (30. Rd3 $142 Nxc4 31. Rc3) 30... Bh5+ {Precision: White = 24%, Black = 59%.} 0-1

[Event "29th Czech Open-Rapid 2018"]
[Site "Pardubice"]
[Date "2018.07.19"]
[Round "6"]
[White "Manik, Mikulas"]
[Black "Tsvetkov, Andrey"]
[Result "1-0"]
[WhiteElo "2457"]
[BlackElo "2124"]
[Annotator "TA"]
[PlyCount "67"]
[EventDate "2018.07.18"]
[EventType "swiss"]
[EventCountry "CZE"]
[SourceTitle "playchess.com"]
[Source "ChessBase"]
[SourceQuality "1"]

{[%evp 17,67,36,32,-15,16,16,38,24,36,33,33,33,45,25,61,57,57,49,59,56,64,30,298,306,296,300,389,395,382,386,504,502,501,505,773,687,670,686,1252,1231,1638,672,701,715,656,645,29989,29990,29990,29991,29995,29996]} 1. e4 c5 2. Nf3 d6 3. Bb5+ Nd7 4. c3 Ngf6 5. Qe2 a6 6. Ba4 b5 7. Bc2 e5 8. d4 {B51: Sicilian: Moscow Variation (3 Bb5+) without 3...Bd7} Bb7 (8... Be7 9. O-O O-O 10. Rd1 Qc7 11. h3 Bb7 12. d5 g6 13. Bg5 Rfe8 14. g4 h5 15. Nh2 Nxd5 16. exd5 Bxg5 17. gxh5 Nf6 18. hxg6 fxg6 19. Bxg6 {0-1 (26) Najer,E (2679)-Lu,S (2627) Doha 2016}) 9. O-O Be7 {LiveBook: 47 Games} 10. Nbd2 {White is slightly better.} Qc7 {Threatens to win with ...cxd4.} 11. d5 O-O 12. Re1 Nh5 13. Nf1 g6 $146 14. Bh6 Rfe8 15. Ng3 {Strongly threatening Nxh5.} Nxg3 16. fxg3 Bf8 17. Bd2 Bg7 18. Rf1 Rf8 19. g4 f5 $2 {[%mdl 8192]} (19... Nb6 $11 {and Black is okay.}) 20. gxf5 $18 gxf5 {[#]} 21. Ng5 $1 ({Not} 21. exf5 Nf6 $16) 21... Rf6 22. Ne6 Qc8 {and the idea ...f4 leaves Black hopeful.} 23. Bg5 Rf7 {If only Black now had time for ...f4....} 24. Rxf5 Rxf5 25. exf5 Bxd5 (25... Nf6 $142 26. Qf2 Qd7) 26. Nxg7 Kxg7 {[#]} 27. f6+ $1 {[%mdl 512]} Nxf6 28. Rf1 Ng8 29. Bxh7 (29. Qd3 $142 e4 30. Qxd5) 29... Kxh7 30. Qh5+ Kg7 {[#]} 31. Bf6+ $1 {[%mdl 512]} Kf8 (31... Nxf6 32. Qg5+) 32. Bxe5+ {White mates.} Ke7 33. Qh7+ Ke8 34. Bxd6 {Precision: White = 69%, Black = 25%.} 1-0

[Event "29th Czech Open-Rapid 2018"]
[Site "Pardubice"]
[Date "2018.07.19"]
[Round "6"]
[White "Neuman, Petr"]
[Black "Gasanov, Eldar"]
[Result "0-1"]
[WhiteElo "2449"]
[BlackElo "2514"]
[Annotator "ChessBase"]
[PlyCount "94"]
[EventDate "2018.07.18"]
[EventType "swiss"]
[EventCountry "CZE"]
[SourceTitle "playchess.com"]
[Source "ChessBase"]
[SourceQuality "1"]
[TimeControl "900+10"]

1. e4 {[%emt 0:00:00]} Nc6 {[%emt 0:00:01]} 2. Nf3 {[%emt 0:00:00]} d6 {[%emt 0:00:06]} 3. d4 {[%emt 0:00:27]} Nf6 {[%emt 0:00:02]} 4. Nc3 {[%emt 0:00:24]} g6 {[%emt 0:00:03]} 5. h3 {[%emt 0:00:10]} Bg7 {[%emt 0:00:06]} 6. Be3 {[%emt 0:00:09]} a6 {[%emt 0:00:05]} 7. Be2 {[%emt 0:00:23]} O-O {[%emt 0:00:19]} 8. O-O {[%emt 0:00:02]} b5 {[%emt 0:00:40]} 9. a3 {[%emt 0:00:01]} h6 {[%emt 0:00:54]} 10. Qd2 {[%emt 0:00:06]} Kh7 {[%emt 0:00:02]} 11. Rad1 {[%emt 0:00:04]} e6 {[%emt 0:00:12]} 12. Rfe1 {[%emt 0:00:23]} Bb7 {[%emt 0:00:30]} 13. Qc1 {[%emt 0:01:44]} Ne7 {[%emt 0:00:37]} 14. Bd3 {[%emt 0:00:13]} Qc8 {[%emt 0:01:03]} 15. Bf4 {[%emt 0:00:15]} Rd8 {[%emt 0:00:50]} 16. Bh2 {[%emt 0:00:47]} c5 {[%emt 0:00:48]} 17. Bf1 {[%emt 0:00:43]} b4 {[%emt 0:00:37]} 18. axb4 {[%emt 0:00:11]} cxb4 {[%emt 0:00:01]} 19. e5 {[%emt 0:00:21]} bxc3 {[%emt 0:02:57]} 20. exf6 {[%emt 0:00:09]} Bxf6 {[%emt 0:00:03]} 21. bxc3 {[%emt 0:00:24]} Qxc3 {[%emt 0:01:35]} 22. Re3 {[%emt 0:00:32]} Qc7 {[%emt 0:00:36]} 23. c4 {[%emt 0:00:21]} Nf5 {[%emt 0:00:10]} 24. Rb3 {[%emt 0:00:38]} Qe7 {[%emt 0:00:34]} 25. Qb2 {[%emt 0:00:59]} Bc6 {[%emt 0:00:01]} 26. g4 {[%emt 0:00:31]} Nh4 {[%emt 0:00:50]} 27. Nxh4 {[%emt 0:00:03]} Bxh4 {[%emt 0:00:01]} 28. Rb6 {[%emt 0:00:06]} Be8 {[%emt 0:03:24]} 29. Bg2 {[%emt 0:00:53]} Rac8 {[%emt 0:00:06]} 30. Rc1 {[%emt 0:00:35]} Bg5 {[%emt 0:00:08]} 31. f4 {[%emt 0:00:20]} Bf6 {[%emt 0:00:03]} 32. Rxa6 {[%emt 0:00:07]} d5 {[%emt 0:00:10]} 33. f5 {[%emt 0:02:48]} dxc4 {[%emt 0:00:23]} 34. fxg6+ {[%emt 0:00:03]} fxg6 {[%emt 0:00:01]} 35. Be5 {[%emt 0:00:20]} Bxe5 {[%emt 0:00:17]} 36. dxe5 {[%emt 0:00:01]} Qc5+ {[%emt 0:00:02]} 37. Qf2 {[%emt 0:00:10]} Qxf2+ {[%emt 0:00:09]} 38. Kxf2 {[%emt 0:00:01]} Rd2+ {[%emt 0:00:02]} 39. Kg3 {[%emt 0:00:12]} c3 {[%emt 0:00:39]} 40. Rxe6 {[%emt 0:00:56]} c2 {[%emt 0:00:03]} 41. Rd6 {[%emt 0:00:05]} Rc3+ {[%emt 0:00:09]} 42. Kh2 {[%emt 0:00:13]} Re2 {[%emt 0:00:51]} 43. Kh1 {[%emt 0:00:16]} Rb3 {[%emt 0:00:18]} 44. Ra6 {[%emt 0:00:06]} Rb1 {[%emt 0:00:15]} 45. Ra1 {[%emt 0:00:10]} Rxa1 {[%emt 0:00:26]} 46. Rxa1 {[%emt 0:00:01]} Rd2 {[%emt 0:00:04]} 47. Bf3 {[%emt 0:00:03]} Bc6 {[%emt 0:00:15]} 0-1

[Event "29th Czech Open-Rapid 2018"]
[Site "Pardubice"]
[Date "2018.07.19"]
[Round "6"]
[White "Pulpan, Jakub"]
[Black "Zwardon, Vojtech"]
[Result "0-1"]
[WhiteElo "2425"]
[BlackElo "2486"]
[Annotator "TA"]
[PlyCount "104"]
[EventDate "2018.07.18"]
[EventType "swiss"]
[EventCountry "CZE"]
[SourceTitle "playchess.com"]
[Source "ChessBase"]
[SourceQuality "1"]

{[%evp 17,104,12,9,8,14,18,29,33,47,17,56,43,57,51,70,0,0,-62,-45,-38,0,7,150,-104,-92,-143,-112,-122,-122,-195,-212,-208,-194,-205,-117,-272,-175,-161,-88,-85,-86,-156,-54,-69,0,0,0,0,0,0,0,0,0,0,0,-475,-211,-466,-431,-710,-96,-106,-107,-94,-38,-49,-51,-161,-172,-165,-149,-149,-151,-391,-391,-391,0,-391,-391,-386,-385,-378,-371,-366,-332,-29989,-29990,-29993,-29994]} 1. e4 c5 2. Nf3 Nc6 3. Bb5 g6 4. Bxc6 dxc6 5. d3 Bg7 6. h3 Nf6 7. O-O O-O 8. Nc3 b6 9. Be3 e5 {LiveBook: 25 Games. B31: Sicilian: 2...Nc6 3 Bb5 g6} 10. a4 (10. a3 Qe7 11. Qb1 Nh5 12. b4 f5 13. bxc5 f4 14. Bd2 bxc5 15. Qb3+ Be6 {0-1 (39) Caruana,F (2820)-Carlsen,M (2862) Wijk aan Zee 2015 CBM 165 [Stohl,I]}) 10... Qd6 $146 ({Predecessor:} 10... a5 11. Qd2 Qd6 12. Bh6 Nh5 13. Ne2 f6 14. b3 Ra7 15. Rae1 g5 16. Bxg7 Nxg7 17. Ng3 h5 18. h4 Bg4 {1-0 (49) Nasuta,G (2417)-Fuchs,F (2274) Pardubice 2016}) 11. a5 {Hoping for axb6.} Be6 {The position is equal.} 12. Ng5 Bd7 13. f4 exf4 14. Bxf4 Qd4+ 15. Kh1 Nh5 16. Nf3 (16. Bh2 $1 $14) 16... Qb4 $11 17. Ne5 (17. Bc1 $11 Ng3+ 18. Kg1 Nxf1 19. Ra4) 17... Nxf4 $15 18. Nxd7 Nh5 19. Qf3 (19. Nxf8 $2 Ng3+ 20. Kg1 Qxb2 $19) 19... Qxb2 (19... Rfd8 $1 $11 20. Qxf7+ Kh8) 20. Ne2 $2 (20. Nxf8 Rxf8 21. g4 Qxc3 $11) (20. axb6 $16 {is forced if you want to stay better.} axb6 21. Rxa8 Rxa8 22. Na4 (22. Qxf7+ Kh8 $19) 22... Qxc2 23. Naxb6) 20... Qxc2 $17 21. Rae1 ({White should play} 21. Nxf8 Rxf8 22. Rae1) 21... Rfd8 $1 {[%cal Rd8d7]} ({Much weaker is} 21... bxa5 $6 22. Nxf8 Rxf8 23. g4 $15) 22. Qxf7+ Kh8 23. axb6 (23. e5 $17) 23... axb6 $19 24. e5 Qxd3 25. e6 Rg8 ({Inferior is} 25... Qe4 26. Kh2 $11) (25... Re8 $19 26. Nxb6 Rad8) 26. Rf2 $2 ({Avoid the trap} 26. Nxb6 $2 Raf8 $19) (26. Qf3 $17 Qxf3 27. Rxf3) 26... c4 27. Nf4 Nxf4 (27... Qc3 $1 $19 {[%cal Rc3e1]} 28. Rb1 Bd4 29. Nxh5 gxh5) 28. Qxf4 $17 {aiming for Ne5.} Qd4 $1 {[%cal Rd4f4]} 29. Qf3 (29. Re4 $142 g5 30. Rxd4 Ra1+ 31. Kh2 gxf4 32. Rxc4) 29... c3 (29... b5 $1 $17 30. Rd1 Qh4) 30. Rfe2 b5 ({Better is} 30... Rge8 $15 31. Qxc6 Rac8 32. Qxb6 Qxb6 33. Nxb6 Rc6) 31. Ne5 $1 $11 {[%cal Re5f7]} Bxe5 32. Rxe5 {And now Qf6+ would win.} Raf8 33. Qxc6 b4 {Strongly threatening ...Rc8.} 34. e7 {[#]} Rf1+ $1 {[%mdl 512]} 35. Rxf1 {White threatens Qf6+ and mate.} Qxe5 {[%mdl 4096] Endgame KQR-KQR} 36. Qc4 $2 {[%mdl 8192]} (36. Rf7 $11 {and White has nothing to worry.}) 36... Qxe7 $19 37. Qd4+ $2 (37. Rf7 Qd6 38. Qh4) 37... Rg7 38. Qf4 (38. Rf6 $142 Kg8 39. Qc4+ Rf7 40. Rxf7 Qxf7 41. Qxb4) 38... c2 $2 (38... h5 $19 {is more deadly. ...c2 is the strong threat.} 39. Qb8+ Rg8) 39. Qc4 $17 h5 $1 40. Qxc2 {[#]} Kh7 ({Black should try} 40... Qd6 $1 $17 41. Rd1 Qb8) 41. Qc4 $15 Qd6 42. Rb1 (42. h4 $1 $15) 42... Rc7 $19 43. Qb3 Qf4 44. Qb2 Rc3 {Threatens to win with ...Qe4.} 45. Qa1 $2 (45. Rd1 $17) 45... Qe4 {( -> ...Rxh3+)} 46. Re1 Rxh3+ 47. Kg1 Ra3 48. Qd1 Qb7 49. Qd8 Ra7 50. Re8 {[#] Threatening mate with Rh8+.} Qg7 $1 {White must now prevent ...b3.} 51. Qb8 $2 (51. Re3 $19) 51... Qd4+ 52. Kf1 Rf7+ {Precision: White = 42%, Black = 49%.} 0-1

[Event "29th Czech Open-Rapid 2018"]
[Site "Pardubice"]
[Date "2018.07.19"]
[Round "6"]
[White "Rasik, Vitezslav"]
[Black "Movsesian, Sergei"]
[Result "1/2-1/2"]
[WhiteElo "2410"]
[BlackElo "2633"]
[Annotator "TA"]
[PlyCount "103"]
[EventDate "2018.07.18"]
[EventType "swiss"]
[EventCountry "CZE"]
[SourceTitle "playchess.com"]
[Source "ChessBase"]
[SourceQuality "1"]

{[%evp 14,103,12,5,12,6,15,15,33,10,27,22,49,24,23,23,56,12,83,7,92,12,16,41,218,3,23,0,0,0,0,0,0,-57,-64,-63,-30,-47,-13,-78,-77,-83,-62,-74,-18,-22,0,0,0,0,0,0,0,0,0,0,0,0,0,0,0,0,0,0,0,0,0,0,0,0,0,0,0,0,0,0,0,0,0,0,0,0,0,0,0,0,0,0,0,0,0,0]} 1. e4 c5 2. Nf3 e6 3. g3 Nc6 4. Bg2 Nf6 5. Qe2 (5. d3 d5 6. Nbd2 Be7 7. O-O O-O 8. Re1 b5 9. e5 Nd7 10. Nf1 Bb7 11. h4 Qc7 12. Bf4 Rfc8 13. Ne3 Qd8 14. Ng4 Bf8 15. Bg5 Qe8 16. c3 h6 17. Bf4 a5 18. Qd2 b4 19. c4 Ne7 20. h5 {1-0 (59) Kuzubov,Y (2699)-Grischuk,A (2772) Riadh 2017}) 5... e5 6. O-O {B40: Sicilian: 2...e6, Unusual lines} Be7 7. Nc3 d6 8. Nd5 {LiveBook: 3 Games} O-O 9. c3 h6 10. d3 $146 ({Predecessor:} 10. Rd1 Bg4 11. h3 Bh5 12. g4 Bg6 {0-1 (37) Ungure,L (1955)-Soffer,R (2508) Hersonissos 2017}) 10... Be6 11. Nh4 Qd7 12. f4 exf4 13. Nxe7+ Qxe7 14. Rxf4 Rae8 15. Bd2 Nd7 {[#]} (15... d5 $11) 16. Raf1 (16. Be3 $1 $16) 16... Nde5 (16... d5 $1 $11) 17. a3 (17. Be3 $16) 17... Qd7 $11 18. Nf5 d5 $2 {[#]} ({Black should try} 18... f6 $14) 19. exd5 $2 (19. Nxg7 $1 $18 Kxg7 20. Rh4) 19... Bxd5 20. Bxd5 Qxd5 21. Rg4 Ng6 22. Re4 Rxe4 23. Qxe4 ({Better is} 23. dxe4 $11 Qe6 24. Qh5) 23... Qxe4 $15 24. dxe4 Rd8 25. Bf4 Rd3 26. Bd6 (26. Be3 $11 {remains equal.}) 26... b6 $17 27. a4 h5 28. Kg2 f6 (28... Nce5 $17) 29. Rf3 $11 {The position is equal.} Rd1 (29... c4 {is more complex.} 30. Rxd3 cxd3 31. Kf2 Nge5 32. b3 Ng4+) 30. Rf1 Rxf1 31. Kxf1 {[%mdl 4096] Endgame KBN-KNN} Kf7 32. Ke2 Nge5 33. Bxe5 Nxe5 {KN-KN} 34. b4 cxb4 35. cxb4 g6 36. Nd6+ Ke6 37. Nc8 Nc6 {aiming for ...Kd7.} 38. b5 Nd4+ 39. Kd3 Nb3 $1 40. Kc4 Nc5 41. a5 Nxe4 42. axb6 axb6 {Strongly threatening ...Nd6+.} 43. Nxb6 g5 44. Na4 {Black must now prevent Nc5+.} Kd6 45. Nc3 Nxc3 46. Kxc3 {Threatens to win with Kd4. K3P-K3P} Kc5 47. Kd3 f5 $1 ({But not} 47... Kxb5 $2 48. Ke4 $18) 48. b6 Kxb6 {Hoping for ...Kc6.} 49. Kd4 $1 Kc6 {...Kd6 is the strong threat.} 50. Ke5 {[#]} f4 $1 {[%cal Rf4f3][%mdl 512]} 51. gxf4 gxf4 52. Kxf4 {Precision: White = 58%, Black = 43%.} 1/2-1/2

[Event "29th Czech Open-Rapid 2018"]
[Site "Pardubice"]
[Date "2018.07.19"]
[Round "6"]
[White "Potapov, Alexander"]
[Black "Meleshko, Vladimir"]
[Result "0-1"]
[WhiteElo "2407"]
[BlackElo "2284"]
[Annotator "NA"]
[PlyCount "85"]
[EventDate "2018.07.18"]
[EventType "swiss"]
[EventCountry "CZE"]
[SourceTitle "playchess.com"]
[Source "ChessBase"]
[SourceQuality "1"]
[TimeControl "900+10"]

1. d4 {[%emt 0:00:00]} Nf6 {[%emt 0:00:00]} 2. c4 {[%emt 0:00:00]} e5 {[%emt 0:00:00]} 3. dxe5 {[%emt 0:00:00]} Ng4 {[%emt 0:00:00]} 4. Nh3 {[%emt 0:00:12]} Nxe5 {[%emt 0:01:03]} 5. e3 {[%emt 0:00:09]} d6 {[%emt 0:01:30]} 6. Nf4 {[%emt 0:00:03]} g6 {[%emt 0:00:43]} 7. Nc3 {[%emt 0:00:26]} Bg7 {[%emt 0:00:03]} 8. Be2 {[%emt 0:00:01]} O-O {[%emt 0:00:03]} 9. O-O {[%emt 0:00:02]} Be6 {[%emt 0:00:30]} 10. Nxe6 {[%emt 0:01:57]} fxe6 {[%emt 0:00:01]} 11. f4 {[%emt 0:00:12]} Ned7 {[%emt 0:00:16]} 12. Qd2 {[%emt 0:00:43]} Nc5 {[%emt 0:01:06]} 13. Bf3 {[%emt 0:00:59]} Nc6 {[%emt 0:00:17]} 14. Rb1 {[%emt 0:00:22]} a5 {[%emt 0:01:52]} 15. b3 {[%emt 0:00:54]} e5 {[%emt 0:01:46]} 16. Bb2 {[%emt 0:01:21]} Qd7 {[%emt 0:00:13]} 17. Ba3 {[%emt 0:01:32]} Nb4 {[%emt 0:01:56]} 18. Nd5 {[%emt 0:01:28]} Nxd5 {[%emt 0:01:33]} 19. Qxd5+ {[%emt 0:00:24]} Ne6 {[%emt 0:00:50]} 20. Rbd1 {[%emt 0:01:48]} Kh8 {[%emt 0:01:35]} 21. Qxb7 {[%emt 0:01:51]} Rab8 {[%emt 0:00:31]} 22. Qd5 {[%emt 0:01:05]} exf4 {[%emt 0:00:05]} 23. Bg4 {[%emt 0:00:05]} Rbe8 {[%emt 0:00:47]} 24. exf4 {[%emt 0:00:03]} Qf7 {[%emt 0:00:50]} 25. g3 {[%emt 0:00:50]} a4 {[%emt 0:00:13]} 26. Rfe1 {[%emt 0:00:13]} Nd8 {[%emt 0:00:14]} 27. Qxf7 {[%emt 0:00:04]} Nxf7 {[%emt 0:00:08]} 28. b4 {[%emt 0:00:32]} Rd8 {[%emt 0:00:33]} 29. Kg2 {[%emt 0:00:17]} Nh6 {[%emt 0:00:06]} 30. Bh3 {[%emt 0:00:37]} Bf6 {[%emt 0:00:03]} 31. Re6 {[%emt 0:00:07]} Kg7 {[%emt 0:00:07]} 32. Rde1 {[%emt 0:00:04]} Rb8 {[%emt 0:00:16]} 33. b5 {[%emt 0:00:01]} Rfd8 {[%emt 0:00:54]} 34. g4 {[%emt 0:00:13]} Ng8 {[%emt 0:00:07]} 35. g5 {[%emt 0:00:16]} Bd4 {[%emt 0:00:02]} 36. R6e4 {[%emt 0:00:05]} Bc3 {[%emt 0:00:23]} 37. Rc1 {[%emt 0:00:05]} Ba5 {[%emt 0:00:08]} 38. Be6 {[%emt 0:00:09]} Re8 {[%emt 0:00:18]} 39. Rc2 {[%emt 0:00:01]} h5 {[%emt 0:00:15]} 40. Rce2 {[%emt 0:00:11]} Bb6 {[%emt 0:00:11]} 41. Kf3 {[%emt 0:00:19]} Re7 {[%emt 0:00:06]} 42. Bb2+ {[%emt 0:00:07]} Kh7 {[%emt 0:00:14]} 43. Bf7 0-1

[Event "29th Czech Open-Rapid 2018"]
[Site "Pardubice"]
[Date "2018.07.19"]
[Round "6"]
[White "Shkuran, Daniil"]
[Black "Zhuravlev, Stepan"]
[Result "1/2-1/2"]
[WhiteElo "2404"]
[BlackElo "2206"]
[Annotator "NA"]
[PlyCount "81"]
[EventDate "2018.07.18"]
[EventType "swiss"]
[EventCountry "CZE"]
[SourceTitle "playchess.com"]
[Source "ChessBase"]
[SourceQuality "1"]
[TimeControl "900+10"]

1. Nf3 {[%emt 0:00:00]} d5 {[%emt 0:00:00]} 2. g3 {[%emt 0:00:00]} c6 {[%emt 0:00:00]} 3. Bg2 {[%emt 0:00:00]} Bg4 {[%emt 0:00:00]} 4. d4 {[%emt 0:00:00]} Nd7 {[%emt 0:00:00]} 5. h3 {[%emt 0:00:00]} Bh5 {[%emt 0:00:01]} 6. O-O {[%emt 0:00:04]} Ngf6 {[%emt 0:00:03]} 7. Nbd2 {[%emt 0:00:04]} e6 {[%emt 0:00:02]} 8. Re1 {[%emt 0:00:01]} Bd6 {[%emt 0:00:23]} 9. e4 {[%emt 0:00:17]} dxe4 {[%emt 0:00:09]} 10. Nxe4 {[%emt 0:00:02]} Nxe4 {[%emt 0:00:08]} 11. Rxe4 {[%emt 0:00:02]} O-O {[%emt 0:00:07]} 12. c3 {[%emt 0:00:10]} Qc7 {[%emt 0:00:47]} 13. Re1 {[%emt 0:02:06]} Rfe8 {[%emt 0:01:00]} 14. Be3 {[%emt 0:00:47]} Rad8 {[%emt 0:01:32]} 15. g4 {[%emt 0:00:21]} Bg6 {[%emt 0:00:02]} 16. Nh4 {[%emt 0:00:02]} c5 {[%emt 0:02:02]} 17. Nxg6 {[%emt 0:00:36]} hxg6 {[%emt 0:00:01]} 18. Qf3 {[%emt 0:00:02]} cxd4 {[%emt 0:00:25]} 19. cxd4 {[%emt 0:00:15]} b6 {[%emt 0:00:13]} 20. Rac1 {[%emt 0:00:16]} Qb8 {[%emt 0:00:02]} 21. Qb7 {[%emt 0:08:08]} Qxb7 {[%emt 0:00:53]} 22. Bxb7 {[%emt 0:00:01]} Nf6 {[%emt 0:00:17]} 23. Rc4 {[%emt 0:01:57]} Nd5 {[%emt 0:00:58]} 24. Bd2 {[%emt 0:00:02]} Bf4 {[%emt 0:01:19]} 25. Be3 {[%emt 0:02:01]} Bd6 {[%emt 0:05:44]} 26. Bg5 {[%emt 0:00:36]} Be7 {[%emt 0:00:35]} 27. Be3 {[%emt 0:00:47]} Bd6 {[%emt 0:00:02]} 28. Kg2 Nf4+ {[%emt 0:00:22]} 29. Bxf4 {[%emt 0:00:32]} Bxf4 {[%emt 0:00:01]} 30. d5 {[%emt 0:00:14]} g5 {[%emt 0:00:52]} 31. dxe6 {[%emt 0:00:27]} Rxe6 {[%emt 0:00:05]} 32. Rxe6 {[%emt 0:00:02]} fxe6 {[%emt 0:00:01]} 33. Bc8 {[%emt 0:00:26]} Kf7 {[%emt 0:00:07]} 34. Rc6 {[%emt 0:00:06]} Rd2 {[%emt 0:00:53]} 35. Bxe6+ {[%emt 0:00:03]} Ke7 {[%emt 0:00:01]} 36. Bc4 {[%emt 0:00:18]} Rxb2 {[%emt 0:00:21]} 37. Re6+ {[%emt 0:00:04]} Kf8 {[%emt 0:00:19]} 38. Bd3 {[%emt 0:00:02]} Kf7 {[%emt 0:00:22]} 39. Bc4 {[%emt 0:00:03]} Kf8 {[%emt 0:00:13]} 40. Bd3 {[%emt 0:00:09]} Kf7 {[%emt 0:00:01]} 41. Bc4 {[%emt 0:00:01]} 1/2-1/2